Bīsaladeva rāso. (Record no. 57145)

MARC details
000 -LEADER
fixed length control field 00662cam a22002411 4500
001 - CONTROL NUMBER
control field sa 64002062
003 - CONTROL NUMBER IDENTIFIER
control field DLC
005 - DATE AND TIME OF LATEST TRANSACTION
control field 20260227112007.0
008 - FIXED-LENGTH DATA ELEMENTS--GENERAL INFORMATION
fixed length control field 891229s1962 ii b 000 0 hino
010 ## - LIBRARY OF CONGRESS CONTROL NUMBER
LC control number sa 64002062
035 ## - SYSTEM CONTROL NUMBER
System control number (OCoLC)20835590
040 ## - CATALOGING SOURCE
Original cataloging agency DLC
Transcribing agency WaU
Modifying agency DLC
042 ## - AUTHENTICATION CODE
Authentication code premarc
050 00 - LIBRARY OF CONGRESS CALL NUMBER
Classification number PK2095.N33
Item number B5 1962
100 2# - MAIN ENTRY--PERSONAL NAME
Personal name Narapati Nālha,
Dates associated with a name active 12th century.
245 10 - TITLE STATEMENT
Title Bīsaladeva rāso.
260 ## - PUBLICATION, DISTRIBUTION, ETC.
Date of publication, distribution, etc. [1962]
300 ## - PHYSICAL DESCRIPTION
Extent 8, 212, [1] p.
Dimensions 24 cm.
500 ## - GENERAL NOTE
General note In Hindi.
504 ## - BIBLIOGRAPHY, ETC. NOTE
Bibliography, etc. note Bibliography: p. [209]-[213]
600 00 - SUBJECT ADDED ENTRY--PERSONAL NAME
Personal name Vigraha Raja,
Numeration IV,
Titles and other words associated with a name King of Ajmer,
Dates associated with a name active 1001
Form subdivision Poetry.
700 1# - ADDED ENTRY--PERSONAL NAME
Personal name Agrawal, Tarak Nath.

No items available.

Powered by Koha